000 00903nam0a22002651 4500
001 rc\801109
005 20250621235332.0
035 _a(NLR Aleph) 005985278
090 _a7070920
_c7070920
100 _a20041129d1983 |||y0rusy50 ca
101 0 _arus
102 _aRU
105 _ay |||||||||
200 1 _aВремена жизни
_eСтихи
_fСветлана Куралех
210 _aДонецк
_cДонбас
_d1983
215 _a47 с.
_d16
327 1 _aСодерж.: Стихи; Прогулки по зоопарку: Драм. сказка
464 0 _12001#$aСтихи
_tСтихи
464 0 _12001#$aПрогулки по зоопарку
_tПрогулки по зоопарку
700 1 _aКуралех
_bС.С.
_gСветлана Степановна
801 0 _aRU
_bNLR
_gpsbo
801 1 _aRU
_bELAR
_2rusmarc
852 _aNLR
_j83-2/2567
942 _cBOOK
980 _aNB